Meu Top 50 de Artistas - Statistics

Estatísticas Gerais
  • Esse quiz foi jogado 40 vezes
  • A pontuação média é 6 de 50
Estatísticas das Respostas
Artista % Correto
Matuê
39%
Teto
32%
Queen
29%
Bad Bunny
26%
Xamã
26%
Justin Bieber
23%
WIU
23%
Drake
19%
Olivia Rodrigo
19%
Bob Marley
16%
Charlie Brown Jr
16%
Mc Poze do Rodo
16%
O Rappa
16%
Racionais
16%
Veigh
16%
Ed Sheeran
13%
Filipe Ret
13%
Henrique e Juliano
13%
Jorge e Mateus
13%
Maroon 5
13%
Mc Cabelinho
13%
Orochi
13%
Travis Scott
13%
L7nnon
10%
Marília Mendonça
10%
Post Malone
10%
Projota
10%
Azzy
6%
Hungria
6%
Imagine Dragons
6%
Juice WRLD
6%
Mc Ryan SP
6%
Pineapple
6%
Rael
6%
Sabotage
6%
24kGoldn
3%
Lourena
3%
Marisa Monte
3%
Marshmello
3%
Munhoz e Mariano
3%
NLE Choppa
3%
Panic At The Disco
3%
Papatinho
3%
Pixote
3%
Polo G
3%
Pop Smoke
3%
Roddy Ricch
3%
Shiva
3%
The Kid LAROI
3%
Avicci
0%
Nenhum quiz correspondente encontrado
Distribuição das Pontuações
Porcentagem de Pessoas com Cada Pontuação
Percentil de Números Respondidos
Sua Pontuação Histórica
Você não jogou esse quiz